000 01120cam a2200289 i 4500
001 4776894
003 EG-ScBUE
005 20250817093005.0
008 860519s1985 enka f b 001 0 eng d
020 _a0198551991 (pbk.)
020 _a9780198551997
040 _aDLC
_beng
_erda
_cDLC
_dDLC
_dEG-ScBUE
082 0 4 _a547.13
_222
_bMAS
100 1 _aMaskill, Howard,
_eauthor.
_96201
245 1 4 _aThe physical basis of organic chemistry /
_cHoward Maskill, Department of Chemistry, University of Stirling.
264 1 _aOxford ;
_aNew York :
_bOxford University Press,
_c1985.
300 _axv, 490 pages :
_billustrations ;
_c24 cm
336 _2rdacontent
_atext
_btxt
337 _aunmediated
_2rdamedia
_bn
338 _avolume
_bnc
_2rdacarrier
504 _aIncludes bibliographical references and index.
650 7 _aPhysical organic chemistry.
_2BUEsh
_96203
655 _vReading book
856 4 1 _3Table of contents only
_uhttp://www.loc.gov/catdir/enhancements/fy0635/86161452-t.html
856 4 2 _3Publisher description
_uhttp://www.loc.gov/catdir/enhancements/fy0637/86161452-d.html
942 _2ddc
_cBB
999 _c11841
_d11841